000 00546nam a2200217Ia 4500
003 OSt
005 20220918231840.0
006 a|||||r|||| 00| 0
007 ta
008 220917b |||||||| |||| 00| 0 eng d
024 _a350,965
037 _cTextual
040 _aARTS
_cARTS
_beng
041 _2eng
_aeng
082 _aO111, P5
100 _aMakhija Anju Tr.
_926935
245 0 _aShah Abdul Lateef secking the beleved
260 _c2005
942 _hO111, P5
_cTEXL
_2CC
999 _c292506
_d292506